000 00470nam a2200205Ia 4500
003 GCL
008 140319s9999 xx 000 0 eng d
040 _aGCL /
_cGCL
082 0 4 _a792.0952
_bT K
100 1 _aTOITA, YASUJI
245 1 0 _aKABUKI /
_cTOITA, YASUJI
260 _a[S.N] :
_bHAIKUSHA
300 _a128 P
490 _aCOLER BOOKS
_v0
650 0 4 _aJAPAN
650 0 4 _aOPERA - JAPAN
650 0 4 _aKABUKI
650 0 4 _aJAPAN - MUSIC
942 _2ddc
_cBK
999 _c19310
_d19310